<?xml version="1.0" encoding="UTF-8"?>
<record
    xmlns:xsi="http://www.w3.org/2001/XMLSchema-instance"
    xsi:schemaLocation="http://www.loc.gov/MARC21/slim http://www.loc.gov/standards/marcxml/schema/MARC21slim.xsd"
    xmlns="http://www.loc.gov/MARC21/slim">

  <leader>00416    a2200169   4500</leader>
  <controlfield tag="001">068427</controlfield>
  <controlfield tag="003">OSt</controlfield>
  <controlfield tag="005">20220217115557.0</controlfield>
  <controlfield tag="008">                                        </controlfield>
  <datafield tag="082" ind1=" " ind2=" ">
    <subfield code="a">515.7</subfield>
    <subfield code="b">L62F</subfield>
  </datafield>
  <datafield tag="100" ind1="1" ind2=" ">
    <subfield code="a">Limaye, Balmohan V.</subfield>
  </datafield>
  <datafield tag="245" ind1="1" ind2=" ">
    <subfield code="a">Functional analysis</subfield>
    <subfield code="c">by Balmohan V. Limaye</subfield>
  </datafield>
  <datafield tag="260" ind1=" " ind2=" ">
    <subfield code="a">New Delhi</subfield>
    <subfield code="b">New Age</subfield>
    <subfield code="c">2010</subfield>
  </datafield>
  <datafield tag="300" ind1=" " ind2=" ">
    <subfield code="a">612p.</subfield>
  </datafield>
  <datafield tag="653" ind1=" " ind2=" ">
    <subfield code="a">Functional analysis</subfield>
  </datafield>
  <datafield tag="942" ind1=" " ind2=" ">
    <subfield code="2">ddc</subfield>
    <subfield code="c">BK</subfield>
  </datafield>
  <datafield tag="999" ind1=" " ind2=" ">
    <subfield code="c">2089</subfield>
    <subfield code="d">2089</subfield>
  </datafield>
  <datafield tag="952" ind1=" " ind2=" ">
    <subfield code="0">0</subfield>
    <subfield code="1">0</subfield>
    <subfield code="2">ddc</subfield>
    <subfield code="4">0</subfield>
    <subfield code="7">0</subfield>
    <subfield code="8">TXB</subfield>
    <subfield code="a">CURAJ</subfield>
    <subfield code="b">CURAJ</subfield>
    <subfield code="d">2012-03-07</subfield>
    <subfield code="e">MTH</subfield>
    <subfield code="g">150.00</subfield>
    <subfield code="l">7</subfield>
    <subfield code="o">515.7 L62F</subfield>
    <subfield code="p">2714</subfield>
    <subfield code="r">2026-02-06</subfield>
    <subfield code="s">2026-01-27</subfield>
    <subfield code="w">2020-09-02</subfield>
    <subfield code="y">BK</subfield>
  </datafield>
  <datafield tag="952" ind1=" " ind2=" ">
    <subfield code="0">0</subfield>
    <subfield code="1">0</subfield>
    <subfield code="2">ddc</subfield>
    <subfield code="4">0</subfield>
    <subfield code="7">0</subfield>
    <subfield code="8">TXB</subfield>
    <subfield code="a">CURAJ</subfield>
    <subfield code="b">CURAJ</subfield>
    <subfield code="d">2012-03-07</subfield>
    <subfield code="e">MTH</subfield>
    <subfield code="g">200.00</subfield>
    <subfield code="l">10</subfield>
    <subfield code="o">515.7 L62F</subfield>
    <subfield code="p">2795</subfield>
    <subfield code="r">2025-10-15</subfield>
    <subfield code="s">2025-10-01</subfield>
    <subfield code="w">2020-09-02</subfield>
    <subfield code="y">BK</subfield>
  </datafield>
</record>
